01245nam a22002657a 45000010005000000030006000050050017000110080041000280200018000690400030000870500015001170820010001321000018001422450040001602600038002003000042002384900029002805050008003095200541003175210020008585210020008786500019008986500023009177000039009408794FISKH20251021104026.0251021b cb ||||| |||| 00| 0 eng d a9781845572907 aFISKHbeng cFISKHdFISKH aPR3403 .A1 a823.5 aDefoe, Daniel aRobinson Crusoe / cBy Daniel Defoe aNew York : bRising Sun , c2005. a72 pages : billustrations ;c21 cm.  aGraded Readers vLevel 3 aS  aClassic Literature. Fiction. HTML:Robinson Crusoe is the fictional autobiography of the title character. As a young man, Crusoe sets out from England on a disastrous sea voyage. His passion for seafaring remains undiminished and so he sets out again, only to be shipwrecked a third time. His journey takes him to Brazil where he becomes a plantation owner. A third and final shipwrecking, however, leaves him stranded for 28 years on a remote island. There he becomes a devout Christian and believes his life lacks nothing but society. 8 a780 bLexiel 8 aR bRaz-Plus  aNovelvFiction aShipwreckvFiction aChoudhury, Bani Roy eIllustrator